La puissance américaine et la lutte contre le terrorisme (notice n° 1631237)
[ vue normale ]
| 000 -LEADER | |
|---|---|
| fixed length control field | 01503cam a2200169 4500500 |
| 005 - DATE AND TIME OF LATEST TRANSACTION | |
| control field | 20260111104950.0 |
| 041 ## - LANGUAGE CODE | |
| Language code of text/sound track or separate title | fre |
| 042 ## - AUTHENTICATION CODE | |
| Authentication code | dc |
| 100 10 - MAIN ENTRY--PERSONAL NAME | |
| Personal name | Nye, Joseph |
| Relator term | author |
| 245 00 - TITLE STATEMENT | |
| Title | La puissance américaine et la lutte contre le terrorisme |
| 260 ## - PUBLICATION, DISTRIBUTION, ETC. | |
| Date of publication, distribution, etc. | 2005.<br/> |
| 500 ## - GENERAL NOTE | |
| General note | 47 |
| 520 ## - SUMMARY, ETC. | |
| Summary, etc. | RésuméLa réorientation de la politique étrangère de George W. Bush sous l’effet des attentats de 2001 a conduit à une très nette détérioration du « soft power » américain. Un réalisme traditionnel a cédé à un idéalisme wilsonien qui est peu adapté aux formes plus diffuses de la puissance qu’exige le monde actuel. La trop grande confiance de l’administration dans le pouvoir militaire et son orgueil ont rendu plus difficile aujourd’hui la lutte contre le terrorisme. |
| 520 ## - SUMMARY, ETC. | |
| Summary, etc. | American Power and the Struggle against TerrorismThe shift from a traditional realist foreign policy to a Wilsonian idealist one in the aftermath of 9/11 has brought about a significant deterioration of America’s “soft power”. Power is the ability to influence others toward a desired outcome, not a fixed absolute granted by certain resources. A one-dimensional thinking that concentrates only on American military capacity is detrimental to the struggle against transnational terrorism. |
| 786 0# - DATA SOURCE ENTRY | |
| Note | Politique américaine | 2 | 2 | 2005-06-01 | p. 11-20 | 1771-8848 |
| 856 41 - ELECTRONIC LOCATION AND ACCESS | |
| Uniform Resource Identifier | <a href="https://shs.cairn.info/revue-politique-americaine-2005-2-page-11?lang=fr&redirect-ssocas=7080">https://shs.cairn.info/revue-politique-americaine-2005-2-page-11?lang=fr&redirect-ssocas=7080</a> |
Pas d'exemplaire disponible.




Réseaux sociaux